Time table scheduling system / (Record no. 216830)

MARC details
000 -LEADER
fixed length control field 00459nam a2200169Ia 4500
003 - CONTROL NUMBER IDENTIFIER
control field OSt
005 - DATE AND TIME OF LATEST TRANSACTION
control field 20260303104645.0
008 - FIXED-LENGTH DATA ELEMENTS--GENERAL INFORMATION
fixed length control field 211028s2003 xx 000 0 und d
040 ## - CATALOGING SOURCE
Transcribing agency AIMIT LIBRARY
041 ## - LANGUAGE CODE
Language code of text/sound track or separate title eng
100 ## - MAIN ENTRY--PERSONAL NAME
Personal name Rodrigues, Rashmi Marina;Manimozhi, R.
Miscellaneous information 92173
9 (RLIN) 2237
110 ## - MAIN ENTRY--CORPORATE NAME
Corporate name or jurisdiction name as entry element Manimozhi, R.
9 (RLIN) 2238
245 ## - TITLE STATEMENT
Title Time table scheduling system /
260 ## - PUBLICATION, DISTRIBUTION, ETC.
Place of publication, distribution, etc. Mangalore
Date of publication, distribution, etc. 2003
710 ## - ADDED ENTRY--CORPORATE NAME
Corporate name or jurisdiction name as entry element Davlin Software Pvt Ltd
9 (RLIN) 2239
942 ## - ADDED ENTRY ELEMENTS (KOHA)
Source of classification or shelving scheme Dewey Decimal Classification
Koha item type Project Report
Holdings
Withdrawn status Lost status Source of classification or shelving scheme Damaged status Not for loan Collection code Home library Current library Date acquired Source of acquisition Total Checkouts Barcode Date last seen Copy number Price effective from Koha item type
    Dewey Decimal Classification   Not for loan Project Report MCA St Aloysius Institute of Management & Information Technology St Aloysius Institute of Management & Information Technology 10/28/2021 MCA   PRC00047 10/28/2021 0092173 10/28/2021 Project Report